Statistics for Media Outlets in the White House Press Briefing Room

Click here to take the quiz!

General Stats

  • This quiz has been taken 23 times
    (12 since last reset)
  • The average score is 17 of 53

Answer Stats

Answer% Correct
CNN
100%
Fox News
100%
Fox News Radio
100%
NBC
100%
ABC News
89%
ABC News Radio
89%
BBC
78%
CBS News
78%
CBS Radio
78%
MSNBC
78%
AP Radio
67%
Associated Press
67%
The New York Times
67%
Reuters
56%
The Wall Street Journal
56%
The Washington Post
56%
Chicago Tribune
44%
Newsmax
33%
NPR
33%
PBS
33%
Voice of America
33%
Al Jazeera
22%
CBN
22%
Daily Mail
22%
HuffPost
22%
New York Post
22%
The Boston Globe
22%
The Washington Times
22%
TIME
22%
USA Today
22%
Washington Examiner
22%
BuzzFeed
11%
Politico
11%
The Guardian
11%
The Hill
11%
Yahoo! News
11%
Agence France-Presse
0%
American Urban Radio Networks
0%
Bloomberg Industry Group
0%
Bloomberg News
0%
Christian Science Monitor
0%
Dallas Morning News
0%
Financial Times
0%
McClatchy
0%
National Journal
0%
New York Daily News
0%
RealClearPolitics
0%
Roll Call
0%
Salem Radio Network
0%
Sirius XM
0%
The Daily Beast
0%
Univision
0%
Westwood One
0%

Score Distribution

Percentile by Number Answered

Percent of People with Each Score

Your Score History

You have not taken this quiz since the last reset